| 000 | 01483 a2200409 4500 | ||
|---|---|---|---|
| 999 |
_c69272 _d13847 |
||
| 001 | 69272 | ||
| 003 | TR-AnTOB | ||
| 005 | 20230622001139.0 | ||
| 008 | 101204s2006 tu ab 000 0 | ||
| 020 | _a9751939445 | ||
| 020 | _a9789751939449 | ||
| 035 | _a69272 | ||
| 040 |
_aB9K _cB9K _dOSU |
||
| 041 | _atur | ||
| 049 | _aOSUU | ||
| 050 | 1 | 4 |
_aDS77 _b.O86 2006 |
| 090 | _aDS77 .O86 2006 | ||
| 245 | 0 | 0 |
_aOsmanlı döneminde Irak : _bplan, fotoğraf ve belgelerle = Iraq during the Ottoman period : plans, photographs and documents |
| 246 | 3 | _aIraq during the Ottoman period : plans, photographs and documents | |
| 264 | 1 |
_aİstanbul : _bT.C. Başbakanlık Devlet Arşivleri Genel Müdürlüğü, _c2006. |
|
| 300 |
_axix, 227 p. : _bill., maps ; _c31 cm |
||
| 336 |
_2rdacontent _atext _btxt |
||
| 337 |
_2rdamedia _aunmediated _bn |
||
| 338 |
_2rdacarrier _avolume _bnc |
||
| 490 | 0 |
_aT.C. Başbakanlık Devlet Arşivleri Genel Müdürlüğü Osmanlı Arşivi Daire Başkanlığı ; _v83 |
|
| 651 | 0 |
_aIrak _xTarih _vKaynaklar _943101 |
|
| 651 | 0 |
_aIrak _xTarih _y1534-1921 _vKaynaklar _943100 |
|
| 651 | 0 |
_aIraq _xHistory _vSources _943099 |
|
| 651 | 0 |
_aIraq _xHistory _y1534-1921 _931079 |
|
| 651 | 0 |
_aTurkey _xHistory _yOttoman Empire, 1288-1918 _94821 |
|
| 651 | 7 |
_aTürkiye _xTarih _yOsmanlı İmparatorluğu, 1288-1918 _2etuturkob _955241 |
|
| 902 | _a0023796 | ||
| 903 | _aMerkez Kütüphane | ||
| 942 |
_cBK _2lcc |
||
| 945 | _aMÇ, 05.05.2008 | ||